<?xml version="1.0" encoding="UTF-8"?><?xml-stylesheet type="text/xsl" href="static/style.xsl"?><OAI-PMH xmlns="http://www.openarchives.org/OAI/2.0/" xmlns:xsi="http://www.w3.org/2001/XMLSchema-instance" xsi:schemaLocation="http://www.openarchives.org/OAI/2.0/ http://www.openarchives.org/OAI/2.0/OAI-PMH.xsd"><responseDate>2026-06-01T16:45:40Z</responseDate><request verb="GetRecord" identifier="oai:riuma.uma.es:10630/9609" metadataPrefix="marc">https://riuma.uma.es/rest/oai/request</request><GetRecord><record><header><identifier>oai:riuma.uma.es:10630/9609</identifier><datestamp>2026-02-03T12:52:22Z</datestamp><setSpec>com_10630_5701</setSpec><setSpec>com_10630_3139</setSpec><setSpec>com_10630_10</setSpec><setSpec>col_10630_6950</setSpec></header><metadata><record xmlns="http://www.loc.gov/MARC21/slim" xmlns:dcterms="http://purl.org/dc/terms/" xmlns:doc="http://www.lyncode.com/xoai" xmlns:xsi="http://www.w3.org/2001/XMLSchema-instance" xsi:schemaLocation="http://www.loc.gov/MARC21/slim http://www.loc.gov/standards/marcxml/schema/MARC21slim.xsd">
   <leader>00925njm 22002777a 4500</leader>
   <datafield ind2=" " ind1=" " tag="042">
      <subfield code="a">dc</subfield>
   </datafield>
   <datafield ind2=" " ind1=" " tag="720">
      <subfield code="a">Ruiz-Sinoga, José Damián</subfield>
      <subfield code="e">author</subfield>
   </datafield>
   <datafield ind2=" " ind1=" " tag="720">
      <subfield code="a">Gallegos-Reina, Antonio Jesús</subfield>
      <subfield code="e">author</subfield>
   </datafield>
   <datafield ind2=" " ind1=" " tag="720">
      <subfield code="a">Delgado-Peña, José Jesús</subfield>
      <subfield code="e">author</subfield>
   </datafield>
   <datafield ind2=" " ind1=" " tag="720">
      <subfield code="a">Noguera Robles, M. J.</subfield>
      <subfield code="e">author</subfield>
   </datafield>
   <datafield ind2=" " ind1=" " tag="720">
      <subfield code="a">Romero Lopera, A.</subfield>
      <subfield code="e">author</subfield>
   </datafield>
   <datafield ind2=" " ind1=" " tag="720">
      <subfield code="a">Márquez Carrero, Joaquín</subfield>
      <subfield code="e">author</subfield>
   </datafield>
   <datafield ind2=" " ind1=" " tag="720">
      <subfield code="a">Lucas Santamaría, B.</subfield>
      <subfield code="e">author</subfield>
   </datafield>
   <datafield ind2=" " ind1=" " tag="720">
      <subfield code="a">Martínez-Murillo, Juan Francisco</subfield>
      <subfield code="e">author</subfield>
   </datafield>
   <datafield ind2=" " ind1=" " tag="260">
      <subfield code="c">2003</subfield>
   </datafield>
   <datafield ind2=" " ind1=" " tag="520">
      <subfield code="a">Dentro de los estudios relacionados con el análisis de los procesos de generación de escorrentía/infiltración, es el área mediterránea una zona de especial interés, especialmente porque en ella los modelos clásicos de generación de escorrentía se presentan de forma combinada. En la presente investigación, analizamos el posible comportamiento hidrológico de dos laderas con diferente gradiente pluviométrico. En ellas, mediante un exhaustivo análisis de la vegetación y de las características de los suelos, determinamos cual podría ser su comportamiento hidrológico atendiendo a dos tipos de parámetros diferentes; de un lado, lo que podríamos denominar un modelo hidrodinámico, basado en los modelos hortoriano discontinúo o mixto (Calvo Cases, A. 2003), (Lavee el at. 1998), y de otro, en los cálculos hidrológicos usados habitualmente dentro del ámbito de la ingeneriía civil. Los resultados obtenidos nos evidencian comportamientos mas extremos atendiendo a circunstancias contempladas desde el punto de vista hidrológico, y un comportamiento mas adecuado desde el punto de vista geomorfológico atendiendo a la hidrodinámica de las laderas. En todo ello el patrón e la vegetación su disposición así como la integración con las características edafológicas sobre las que se produce la precipitación, ejercen un papel clave.</subfield>
   </datafield>
   <datafield ind1="8" ind2=" " tag="024">
      <subfield code="a">Baetica 25, 2003, p. 279-311.</subfield>
   </datafield>
   <datafield ind1="8" ind2=" " tag="024">
      <subfield code="a">0212-5099</subfield>
   </datafield>
   <datafield ind1="8" ind2=" " tag="024">
      <subfield code="a">http://hdl.handle.net/10630/9609</subfield>
   </datafield>
   <datafield tag="653" ind2=" " ind1=" ">
      <subfield code="a">Hidrología</subfield>
   </datafield>
   <datafield ind2="0" ind1="0" tag="245">
      <subfield code="a">Variabilidad de los procesos de generación de escorrentía en laderas bajo condiciones mediterráneas</subfield>
   </datafield>
</record>
</metadata></record></GetRecord></OAI-PMH>